000 01135nam a2200241 i 4500
001 18287
003 DO-SdUEMH
005 20260106150854.0
007 ta
008 260106b1983 dr |||| |||| 10| 0 spa d
040 _aDO-SdUEMH
_bspa
_erda
041 _aspa
082 1 4 _mRD
_bE56r
245 1 0 _aRégimen de incentivos en la economía dominicana /
_cexpositores: Francisco José Catillo C. José del Carmen Ariza, Jorge A. Vilalta, Hugo Guiliani Cury, Luis Eduardo Tonos ; editor Frank Moya Pons
264 0 1 _aSanto Domingo, República Dominicana :
_bForum,
_c1983
300 _a197 páginas ;
_c22 cm.
336 _2rdacontent
_atexto
_btxt
337 _2rdamedia
_asin mediación
_bn
338 _2rdacarrier
_avolumen
_bnc
490 _aForum ;
_v7
505 0 _aPresentación -- Introducción -- La orientación del desarrollo -- El sistema de incentivos y el marco jurídico institucional del desarrollo -- La evolución del régimen de incentivos en la República Dominicana -- Los incentivos y los aspectos fiscales en la política dominicana -- El impuesto sobre la renta como incentivo al desarrollo.
942 _2ddc
_n0
_cBK
999 _c18287
_d18287